000 00358cam a2200145ua 4500
041 _aeng
_h
082 _a823.308
_bSCH/SO
100 _aSchulberg, Budd .
245 _aSome faces in the crowd /
_cBudd Schulberg.
_hTextual Documents
260 _aLondon :
_bBodley Head ,
_c1963.
300 _a175 ; .
504 _a
942 _cBK
999 _c11382
_d11382